MARC

LEADER 00000nam0a2200000 4500
001 374210
005 20231102012631.0
035 |a (RuTPU)RU\TPU\retro\31644 
090 |a 374210 
100 |a 20221219d1979 km y0rusy50 ca 
101 0 |a rus 
102 |a RU 
105 |a a z 001zy 
200 1 |a Фотохимические превращения и стабилизация полимеров  |f В. Я. Шляпинтох 
210 |a Москва  |c Химия  |d 1979 
215 |a 344 с.  |c ил. 
320 |a Библиография в конце глав 
606 1 |a Полимеры  |x Фотохимия  |2 stltpush  |3 (RuTPU)RU\TPU\subj\74407  |9 86705 
606 1 |a Полимеры  |x Стабилизация  |2 stltpush  |3 (RuTPU)RU\TPU\subj\50300  |9 69008 
610 1 |a фотофизические процессы 
610 1 |a полимерные матрицы 
610 1 |a фотохимические реакции 
610 1 |a темновые реакции 
610 1 |a полипропилен 
610 1 |a фотоокисление 
610 1 |a алифатические полиамиды 
610 1 |a фотостарение 
610 1 |a синглетный кислород 
610 1 |a светостабилизаторы 
610 1 |a защитное действие 
610 1 |a растворы 
610 1 |a твердые полимеры 
610 1 |a фотопревращения 
610 1 |a торможение 
610 1 |a УФ-абсорберы 
675 |a 678.01:54  |v 4 
675 |a 678.048  |v 4 
700 1 |a Шляпинтох  |b В. Я.  |g Виктор Яковлевич 
801 1 |a RU  |b 63413507  |c 20221219 
942 |c BK